000 00895nam a22002657a 4500
003 SISC
005 20190112082212.0
008 160714b xxu||||| |||| 00| 0 eng d
020 _a9780062325471
050 _aPZ 7 .C2685133 One 2014
100 _aCass, Keira
245 _aThe one
_cKiera Cass.
260 _aNew York :
_bHarperCollins Publishers,
_c2014.
300 _a323 p. :
_c21 cm.
440 _aThe selection series
520 _a"As her Selection approaches its finish, America must decide where her heart truly lies--and Prince Maxon must pick one winner to wear the crown"-- Provided by publisher.
650 _aMarriage--Fiction.
650 _aContests--Fiction.
650 _aSocial classes--Fiction.
650 _aPrinces--Fiction.
650 _aLove--Fiction.
650 _aRevolutionaries--Fiction.
942 _2lcc
_cBK
999 _c297725
_d297725